| 000 | 00782nam a2200205Ii 4500 | ||
|---|---|---|---|
| 003 | JO-AjNU | ||
| 008 | 230605s9999||||xx |||||||||||||| ||und|| | ||
| 017 | _a2001/1422 | ||
| 040 |
_aJO-AjNU _bara _erda _cJO-AjNU |
||
| 041 | _aara | ||
| 050 | 1 | 4 | _aBP190.5.N38.S57 2001 |
| 100 | 3 |
_aاعداد السرياني ، محمد محمود , _eauthor _956897 |
|
| 245 | 0 | 0 | _aالمنظور الاسلامي لقضايا البيئة : دراسة مقارنة في المشكلات والتربية والتشريعات البيئية |
| 264 | 3 | 1 | _aالسعودية: جامعة ام القرى ،2001 |
| 300 | _a238ص | ||
| 336 |
_atext _btxt _2rdacontent |
||
| 337 |
_aunmediated _bn _2rdamedia |
||
| 338 |
_avolume _bnc _2rdacarrier |
||
| 650 | 4 |
_aالاسلام والبيئة _956898 |
|
| 999 |
_aA25465 _c29033 _d29033 |
||